| 000 | 00377nam a22001457a 4500 | ||
|---|---|---|---|
| 999 |
_c9078 _d9078 |
||
| 003 | OSt | ||
| 008 | 200715b ||||| |||| 00| 0 eng d | ||
| 100 | _aKar ,Ashutosh | ||
| 245 | _aPharmaceutical Microbiology | ||
| 250 | _a2019 | ||
| 260 |
_aNew Delhi _bNew Age International Publishers |
||
| 300 | _aPg-88 | ||
| 650 | _aPharmaceutical Microbiology/ Biotech | ||
| 942 |
_2ddc _cBK |
||